004970000a22001690004500003001100000005001700011008004100028040003900069041000800108082001600116100001900132245006900151260005200220300001000272490002800282650001700310LK-CoMWRAF20240527154621.0230817t1994 ||||| |||| 00| 0 eng d aLK-CoMWRAFdLK-CoMWRAFeLK-CoMWRAF aeng a305.42bAHI aAhiska, Meltem aFeminism in Turkey in the 1980's:ban interview with Ayse Duzkan aGrables:bWomen Living Under Muslim Laws,c1994 a28 p. aOccasional paper vNo.6 aWOMEN-Turkey